It's me, Margaret - Statistics

General Stats
  • This quiz has been taken 35 times
    34 since last reset
  • The average score is 7 of 12
Answer Stats
Picture Answer % Correct
Maggie Simpson
97%
Major Margaret Houlihan (M*A*S*H)
94%
Margaret Thatcher
94%
Meg March (Little Women)
94%
Maggie Smith
81%
Princess Margaret
81%
Margaret Court
42%
Margaret Bridge, Hungary
39%
Margaret Atwood
35%
Margaret Mead
6%
Margaret Dumont
3%
Margaret River, Western Australia
3%
No matching quizzes found
Score Distribution
Percent of People with Each Score
Percentile by Number Answered
Your Score History
You have not taken this quiz since the last reset